[Event "Klaksvik Kjolur op"]
[Site "Klaksvik"]
[Date "2022.04.02"]
[Round "4"]
[White "Olsen, Rogvi Heinason"]
[Black "Kosini, Bogi A"]
[Result "1-0"]
[WhiteElo "1398"]
[BlackElo "1116"]
[PlyCount "61"]
[EventDate "2022.04.01"]
[EventType "swiss"]
[EventRounds "7"]
[EventCountry "FAI"]
[SourceTitle "EXT 2023"]
[Source "ChessBase"]
[SourceDate "2022.10.05"]
[SourceVersion "1"]
[SourceVersionDate "2022.10.05"]
[SourceQuality "1"]

1. d4 d5 2. c4 Nf6 3. cxd5 Nxd5 4. e4 Nf6 5. Bd3 Nc6 6. d5 Ne5 7. f4 Nxd3+ 8. Qxd3 c6 9. Nc3 e6 10. d6 Nd7 11. e5 f6 12. Nf3 Qa5 13. Qd4 Qc5 14. Qxc5 Nxc5 15. 0-0 b6 16. Be3 Nd7 17. a4 a5 18. Rfe1 g6 19. Rad1 Bg7 20. exf6 Bxf6 21. Bd4 Kf7 22. Ng5+ Bxg5 23. Bxh8 Bxf4 24. Rf1 e5 25. g3 Ba6 26. Rf2 Rxh8 27. gxf4 exf4 28. Rxf4+ Kg7 29. Re4 Rf8 30. Re7+ Rf7 31. Rde1 1-0